| 000 | 00539nam a2200193 b 4500 | ||
|---|---|---|---|
| 003 | OSt | ||
| 005 | 20160108112010.0 | ||
| 008 | 971114s1997 sp | ||| ||spa | ||
| 020 | _a84-204-8261-7 | ||
| 040 | _cBMC | ||
| 082 | _a808.83146 | ||
| 100 | 1 |
_aMerino, José María _937322 |
|
| 245 | 1 | 0 |
_aCincuenta cuentos y una fábula _cJosé María Merino |
| 260 |
_aMadrid _bAlfaguara _cD.L. 1997 |
||
| 300 |
_a631 p. _c24 cm |
||
| 500 | _aEn la contraport.: Obra breve 1982-1997 | ||
| 650 | 2 | 4 |
_930991 _aCuentos españoles |
| 942 |
_2ddc _cBK |
||
| 999 |
_c23503 _d23503 |
||